000 01519nam a2200313Ia 4500
001 C9577
003 IT-RoPAU
008 130308s9999 xx 000 0 und d
040 _aIT-RoPAU
040 _cIT-RoPAU
041 _aITALIANO
100 _aAA.VV.
100 _gCodice Aut. SPICS: 12000
245 _aColori, paesaggi, linguaggi. La cultura africana attraverso il suo cinema
245 _bColori, Paesaggi, Linguaggi. La Cultura Africana Attraverso Il suo Cinema
250 _a1a ed.
260 _aVENEZIA
260 _bCinit/Cineforum
260 _c1994 [1° Ed.:1994 - Ed.Ling.Originale:1994]
300 _a"112 p. (prefazione: no ; testo: 112 [pagine: 0-0])"
500 _aNote Sul progetto Culturale Inserito nella 51 Edizione della mostra di Arte Cinematografica di Venezia. Riflessioni Sulla Cultura Africana Tramite I Suoi Film. Schede e recensioni con Riflessioni su Parecchi Film: nel Nome di Cristo di Roger Gnoan M'Bala, Yenes di Djibril Diop Mambety, Bosco Sacro di Mohamed Soudani, a nous la rue di Moustapha Dao e tanti Altri Film Africani. intervista a Gaston Kabore'. Appunti Sul Cinema Africano Oggi, dal Iv festival del Cinema Africano, Milano 18/24 Marzo 1994. Spazio Filmico Come Conoscenza del Reale. Educazione Interculturale e Alla Pace Attraverso Lo Strumento Cinema.
650 _aSTORIA NAZIONALE DEL CINEMA
650 _eCodice materia Spics: 6809
700 _aSerra Michele
700 _gCodice Aut. SPICS: 1341
942 _cBK
957 _71
999 _c93275
_d93275
999 _g1